| Tag |
First Indicator |
Second Indicator |
Subfields |
| LEADER |
00000cam a22000001a 4500 |
| 001 |
in00003201039 |
| 005 |
20190404172305.0 |
| 006 |
m d f |
| 007 |
cr bn mmmapmmp |
| 008 |
090623s1960 dcu o f000 0 eng d |
| 035 |
|
|
|a cis2007428858
|
| 040 |
|
|
|a UMI
|c UMI
|d UtOrBLW
|
| 043 |
|
|
|a n-us---
|
| 086 |
0 |
|
|a Y 4.In 8/13:Al 1/17/pt.3
|
| 099 |
|
|
|a HRG-1960-INS-0021
|
| 110 |
1 |
|
|a United States.
|b Congress.
|b Senate.
|b Committee on Interior and Insular Affairs.
|b Subcommittee on Public Lands.
|
| 245 |
1 |
0 |
|a Mineral Rights for Alaska Homesteaders.
|n Part 3 :
|b hearings before the United States Senate Committee on Interior and Insular Affairs, Subcommittee on Public Lands, Eighty-Sixth Congress, second session, on May 25, 1960.
|
| 264 |
|
1 |
|a Washington :
|b U.S. G.P.O.,
|c 1960.
|
| 300 |
|
|
|a 1 online resource.
|
| 336 |
|
|
|a text
|b txt
|2 rdacontent
|
| 337 |
|
|
|a computer
|b c
|2 rdamedia
|
| 338 |
|
|
|a online resource
|b cr
|2 rdacarrier
|
| 500 |
|
|
|a Record is based on bibliographic data in ProQuest Congressional Hearings Digital Collection. Reuse except for individual research requires license from ProQuest, LLC.
|
| 520 |
|
|
|a Continuation of hearings on S. 1670, to authorize Interior Dept to convey to the homesteaders Federal oil and gas rights on land occupied by Alaskan homesteaders.
|
| 520 |
|
|
|a Considers (86) S. 2494, (86) S. 1670.
|
| 538 |
|
|
|a System requirements: PDF reader software.
|
| 500 |
|
|
|a Electronic resource.
|
| 650 |
|
0 |
|a Oil and gas leases
|z Alaska.
|
| 650 |
|
0 |
|a Homestead law
|z Alaska.
|
| 655 |
|
7 |
|a Electronic books.
|2 local
|
| 710 |
2 |
|
|a ProQuest (Firm)
|
| 776 |
0 |
8 |
|i Print version:
|a United States. Congress. Senate. Committee on Interior and Insular Affairs. Subcommittee on Public Lands.
|t Mineral Rights for Alaska Homesteaders
|
| 776 |
0 |
8 |
|i Microfiche version:
|a United States. Congress. Senate. Committee on Interior and Insular Affairs. Subcommittee on Public Lands.
|t Mineral Rights for Alaska Homesteaders.
|d [Bethesda, Md.] : ProQuest,[2004]
|o CIS Hrgs MF Gp 3--(86) S1421-2
|w (ProQuest)cis10702901
|
| 830 |
|
0 |
|a U.S. Congressional Hearings.
|
| 856 |
4 |
0 |
|u http://proxy.library.tamu.edu/login?url=http://congressional.proquest.com/congcomp/getdoc?HEARING-ID=HRG-1960-INS-0021
|z Connect to the full text of this electronic book
|t 0
|
| 998 |
|
|
|a cis10702901
|
| 999 |
|
|
|a MARS
|
| 999 |
f |
f |
|s f25133ca-6349-3726-bdf5-9b9e8c242f24
|i bf48f7a8-33ac-3081-bd60-0c8f03278d67
|t 0
|
| 952 |
f |
f |
|a Texas A&M University
|b College Station
|c Electronic Resources
|d Available Online
|t 0
|e HRG-1960-INS-0021
|h Other scheme
|
| 998 |
f |
f |
|a HRG-1960-INS-0021
|t 0
|l Available Online
|